Taylor Swift - Lover Album - Statistics

General Stats
  • This quiz has been taken 5,169 times
  • The average score is 15 of 18
Answer Stats
Lover % Correct
3. Lover
98%
2. Cruel Summer
92%
5. The Archer
88%
16. ME!
87%
4. The Man
87%
18. Daylight
86%
14. You Need To Calm Down
86%
8. Paper Rings
84%
1. I Forgot That You Existed
83%
7. Miss Americana & The Heartbreak Prince
83%
9. Cornelia Street
82%
15. Afterglow
81%
11. London Boy
80%
12. Soon You'll Get Better
77%
10. Death By A Thousand Cuts
76%
17. It's Nice To Have A Friend
76%
6. I Think He Knows
74%
13. False God
73%
No matching quizzes found
Score Distribution
Percent of People with Each Score
Percentile by Number Answered
Your Score History
You have not taken this quiz